000 00615nam a2200193Ia 4500
003 IN-BaIIA
008 211028s9999 xx 000 0 eng d
040 _cIIA Library
080 _a51:62
_bCHI-4
100 _aChirgwin, Brian H.
_94263
245 2 _aA course of mathematics for engineers and scientists
_bvol. 4
_cBrian H. Chirgwin and Charles Plumpton
260 _aOxford
_bPergamon Press
_c1964
300 _aviii, 353p.
650 _aApplied mathematics
_91718
650 _aAstronomy and astrophysics thesaurus
650 _aEngineering mathematics
_92342
700 _aPlumpton, Charles
_94264
942 _cBK
999 _c2380
_d2380